Loading...
| Fine Arts - Auditory Fine Arts | 0 | 6 | 0 | 1 | 60 | 88 | 118.33 | 1 | 2 |
| History - European History | 1 | 4 | 0 | 1 | 55 | 44 | 98.60 | 2 | 4 |
| Literature - British Literature | 0 | 4 | 0 | 1 | 40 | 97 | 131.25 | 0 | 3 |
| Science - Physics | 0 | 4 | 0 | 2 | 40 | 88 | 109.75 | 1 | 4 |
| Geography | 0 | 4 | 0 | 0 | 40 | 71 | 91.25 | 1 | 4 |
| History - World History | 1 | 3 | 2 | 2 | 35 | 63 | 106.75 | 0 | 4 |
| Literature - European Literature | 0 | 3 | 0 | 1 | 30 | 98 | 126.00 | 0 | 1 |
| Philosophy | 0 | 3 | 0 | 2 | 30 | 100 | 117.33 | 1 | 3 |
| Other Science: Earth Science | 1 | 1 | 0 | 0 | 25 | 66 | 83.00 | 2 | 2 |
| History - American History | 1 | 2 | 2 | 1 | 25 | 39 | 89.33 | 1 | 2 |
| Beliefs | 0 | 3 | 1 | 0 | 25 | 75 | 109.33 | 0 | 2 |
| World and Other Literature | 0 | 2 | 0 | 1 | 20 | 111 | 134.00 | 0 | 1 |
| Literature - American Literature | 0 | 2 | 0 | 2 | 20 | 144 | 151.00 | 0 | 2 |
| Other Arts: Visual | 0 | 2 | 0 | 0 | 20 | 107 | 108.00 | 1 | 2 |
| Social Science | 0 | 2 | 0 | 0 | 20 | 105 | 111.00 | 0 | 1 |
| Ancient History and Archaeology | 1 | 0 | 0 | 0 | 15 | 60 | 60.00 | 1 | 1 |
| Science - Chemistry | 0 | 2 | 1 | 1 | 15 | 99 | 108.00 | 0 | 1 |
| Fine Arts - Visual Fine Arts | 0 | 2 | 2 | 1 | 10 | 77 | 106.00 | 1 | 2 |
| Chemistry> | 0 | 1 | 0 | 0 | 10 | 101 | 101.00 | 1 | 1 |
| Other Arts: Auditory | 0 | 1 | 0 | 0 | 10 | 147 | 147.00 | 0 | 1 |
| Current Events | 0 | 1 | 0 | 0 | 10 | 133 | 133.00 | 0 | 0 |
| Other Science: Astronomy | 0 | 1 | 0 | 1 | 10 | 151 | 151.00 | 0 | 0 |
| Science - Biology | 0 | 1 | 1 | 1 | 5 | 137 | 137.00 | 0 | 1 |
| British and Commonwealth History | 0 | 1 | 2 | 0 | 0 | 127 | 127.00 | 0 | 1 |
| Other Academic | 0 | 0 | 1 | 0 | -5 | 0.00 | 0 | 0 |